Maitre Gims-Est-ce que tu m'aimes ? - Statistiques

Statistiques générales
  • Ce quiz a été pris 540 fois
    413 depuis la dernière actualisation
  • Le résultat moyen est 150 sur 199
Statistiques - réponses
Réponse % Correct
je
97%
m'a
96%
tu
96%
ta
94%
le
93%
me
93%
a
92%
à
92%
de
92%
J'ai
92%
j'ai
92%
pas
92%
que
92%
est-ce
91%
la
91%
si
91%
t'aime
90%
vu
89%
ce
88%
et
87%
j'sais
87%
m'aimes
87%
même
85%
te
84%
des
83%
J'étais
83%
mais
82%
mal
82%
du
81%
Du
81%
yeux
81%
plus
80%
cligné
79%
n'étais
79%
femelle
78%
l'averse
78%
censé
77%
qu'à
77%
un
77%
retrouvé
76%
tunnel
76%
mâle
75%
quand
75%
t'aimer
75%
jeu
74%
mes
74%
fait
73%
ton
73%
au
72%
dans
72%
éternel
72%
l'bout
72%
paupières
72%
sommeil
72%
voir
72%
71%
l'encre
70%
nous
70%
pour
70%
Pour
70%
afin
69%
image
69%
on
69%
ça
68%
l'sourire
68%
noire
68%
sous
68%
graver
67%
prêt
67%
mènera
66%
complexes
65%
nos
65%
était
64%
faire
64%
jamais
64%
tellement
64%
t'faire
64%
complices
63%
dire
63%
doigt
63%
en
63%
juste
63%
n'ai
63%
autant
62%
bague
62%
souffert
62%
lever
61%
suis
61%
t'avais
61%
T'avais
61%
brisé
60%
manière
60%
j't'ai
59%
mis
59%
t'aimais
59%
cil
58%
passé
58%
passe
58%
comprendre
57%
j'me
57%
J'me
57%
j'n'avais
57%
les
56%
tes
56%
temps
55%
verre
54%
balivernes
52%
l'plafond
51%
pendant
51%
bracelets
47%
ennuyeux
44%
subis
44%
trouverais
43%
m'envolant
41%
souffrir
41%
t'éviter
38%
Aucun quiz correspondant
Distribution des résultats
% des personnes avec chaque résultat
Percentile par nombre de réponses
Votre historique - résultats
Vous n’avez pas pris ce quiz depuis la dernière actualisation